000 00949nmc a2200313 a 4500
003 AR-BaBNM
005 20251128211121.0
008 082120s2002 ||||||||||||||000 | spa||
020 _a987-538-059-8
040 _cAR-BaBNM
100 1 _aEnriquez, Eugène
245 1 0 _aLa institución y las organizaciones en la educación y la formación
250 _a1ª ed.
260 _aBuenos Aires
_bEdiciones Novedades Educativas
_c2002
_bFacultad de Filosofía y Letras [UBA]
300 0 _a165 p.
490 0 _aFormación de formadores. Los documentos
_vv. 12
504 _aContiene referencias bibliográficas
650 4 _aFORMACION DE DOCENTES
650 4 _aPSICOANALISIS
650 4 _aTERAPIA
650 4 _aPEDAGOGIA
653 0 _aINSTITUCIONES EDUCATIVAS
653 0 _aFORMACION DE FORMADORES
653 0 _aANALISIS INSTITUCIONAL
800 1 _aFernández, Lidia M.
800 1 _aSouto, Marta
942 _cBK
998 _craquel
999 _c18307
_d18307